Statistics for Countries that have won Miss World

Click here to take the quiz!

General Stats

  • This quiz has been taken 105 times
  • The average score is 4 of 10

Answer Stats

Answer% Correct
United States Of America
95%
United Kingdom
78%
Brazil
63%
Argentina
46%
Greece
35%
Poland
32%
Austria
28%
Turkey
27%
Nigeria
18%
Veneswela
0%

Score Distribution

Percentile by Number Answered

Percent of People with Each Score

Your Score History

You have not taken this quiz